Economía / (Registro nro. 5313)

Detalles MARC
000 -LEADER
fixed length control field 01139nam a2200277Ia 4500
003 - CONTROL NUMBER IDENTIFIER
control field OSt
005 - DATE AND TIME OF LATEST TRANSACTION
control field 20210107104956.0
008 - FIXED-LENGTH DATA ELEMENTS--GENERAL INFORMATION
fixed length control field 191128t1992 sp ad fr 000 0 spa d
020 ## - INTERNATIONAL STANDARD BOOK NUMBER
International Standard Book Number 8476158106
040 ## - CATALOGING SOURCE
Original cataloging agency CO-JMCR
Transcribing agency CO-JMCR
041 0# - LANGUAGE CODE
Language code of text/sound track or separate title spa
082 04 - DEWEY DECIMAL CLASSIFICATION NUMBER
Classification number 330 /
Item number W872e1
Edition number 23
100 1# - MAIN ENTRY--PERSONAL NAME
Personal name Wonnacott, Paul,
Relator term autor
9 (RLIN) 4826
245 #0 - TITLE STATEMENT
Title Economía /
Statement of responsibility, etc. Paul Wonnacott, Ronal Wonnacott ; traducción Francesc Sole i Parellada, Pedro L. Romera Diez y Olga Pons i Peregort
250 ## - EDITION STATEMENT
Edition statement Cuarta edición
260 ## - PUBLICATION, DISTRIBUTION, ETC.
Place of publication, distribution, etc. Madrid :
Name of publisher, distributor, etc. McGraw-Hill,
Date of publication, distribution, etc. ©1992
300 ## - PHYSICAL DESCRIPTION
Extent xxxvi, 995 páginas :
Other physical details gráficos a color ;
Dimensions 24 cm.
505 0# - FORMATTED CONTENTS NOTE
Formatted contents note Conceptos económicos básicos -- Introducción a la macroeconomía -- Las políticas de demanda agregada -- Las grandes cuestiones macroeconómicas -- Los grandes problemas macroeconómicos
650 14 - SUBJECT ADDED ENTRY--TOPICAL TERM
Topical term or geographic name entry element Economía
9 (RLIN) 4827
650 14 - SUBJECT ADDED ENTRY--TOPICAL TERM
Topical term or geographic name entry element Teoría económica
9 (RLIN) 4828
700 1# - ADDED ENTRY--PERSONAL NAME
Personal name Wonnacott, Ronal,
Relator term autor
9 (RLIN) 4829
700 1# - ADDED ENTRY--PERSONAL NAME
Personal name Romera Diez, Pedro L.,
Relator term traductor
9 (RLIN) 4830
700 1# - ADDED ENTRY--PERSONAL NAME
Personal name Sole i Parellada, Francesc,
Relator term traductora
9 (RLIN) 4831
700 1# - ADDED ENTRY--PERSONAL NAME
Personal name Pons i Peregort, Olga,
Relator term traductora
9 (RLIN) 4832
942 ## - ADDED ENTRY ELEMENTS (KOHA)
Source of classification or shelving scheme Dewey Decimal Classification
Koha item type Books
Existencias
Withdrawn status Lost status Source of classification or shelving scheme Damaged status Not for loan Collection code Home library Current library Date acquired Source of acquisition Cost, normal purchase price Full call number Barcode Date last seen Copy number Koha item type
    Dewey Decimal Classification     Non-fiction Biblioteca Pública José María del Castillo y Rada Biblioteca Pública José María del Castillo y Rada 04/15/2018 Donación 0.00 330 / W872e1 430001701 05/16/2024 Ej.1 Books